Central Library OPAC University of Rajshahi

The history of the adventures of Joseph Andrews and of his friend Mr. Abraham Adams : (Record no. 54939)

MARC details
000 -LEADER
fixed length control field 01570nam a2200385 a 4500
001 - CONTROL NUMBER
control field 54939
003 - CONTROL NUMBER IDENTIFIER
rucl marc code BD-RjUL
005 - DATE AND TIME OF LATEST TRANSACTION
control field 20211209080206.0
008 - FIXED-LENGTH DATA ELEMENTS--GENERAL INFORMATION
fixed length control field 161113s1971 enk b 000 1 eng
020 ## - INTERNATIONAL STANDARD BOOK NUMBER
International Standard Book Number 192810987
035 ## - SYSTEM CONTROL NUMBER
System control number (OCoLC)ocm40267364
System control number (BD-RjUL)55061
System control number (NNC)2331057
040 ## - CATALOGING SOURCE
Original cataloging agency DLC
Transcribing agency DLC
Modifying agency NNC
Language of cataloging eng
041 ## - LANGUAGE CODE
Language code of text/sound track or separate title eng
082 00 - DEWEY DECIMAL CLASSIFICATION NUMBER
Classification number 823.5
Edition number 23
Author mark and year FIH 1971
100 1# - MAIN ENTRY--PERSONAL NAME
Personal name Fielding, Henry,
Dates associated with a name 1707-1754.
9 (RLIN) 163781
245 14 - TITLE STATEMENT
Title The history of the adventures of Joseph Andrews and of his friend Mr. Abraham Adams :
Remainder of title and, An apology for the life of Mrs. Shamela Andrews /
Statement of responsibility, etc. Henry Fielding ; edited by Douglas Brooks
246 3# - VARYING FORM OF TITLE
Title proper/short title History of the adventures of Joseph Andrews, and of his friend Mr. Abraham Adams ; and, An apology for the life of Mrs. Shamela Andrew
260 ## - PUBLICATION, DISTRIBUTION, ETC. (IMPRINT)
Place of publication, distribution, etc. Oxford ;
-- New York :
Name of publisher, distributor, etc. Oxford University Press,
Date of publication, distribution, etc. 1971
263 ## - PROJECTED PUBLICATION DATE
Projected publication date 9907
300 ## - PHYSICAL DESCRIPTION
Pagination xliv, 410 p. ;
Size 20 cm.
490 1# - SERIES STATEMENT
Series statement Oxford world's classics
504 ## - BIBLIOGRAPHY, ETC. NOTE
Bibliography, etc Includes bibliographical references (p. xxxvi-xl).
650 #0 - SUBJECT ADDED ENTRY--TOPICAL TERM
Topical term or geographic name as entry element Young men
Geographic subdivision England
Form subdivision Fiction.
9 (RLIN) 163782
Topical term or geographic name as entry element Household employees
Geographic subdivision England
Form subdivision Fiction.
9 (RLIN) 163783
651 #0 - SUBJECT ADDED ENTRY--GEOGRAPHIC NAME
Geographic name England
General subdivision Social life and customs
Chronological subdivision 18th century
Form subdivision Fiction.
9 (RLIN) 163784
700 1# - ADDED ENTRY--PERSONAL NAME
Personal name Brooks, Douglas.
830 #0 - SERIES ADDED ENTRY--UNIFORM TITLE
Uniform title Oxford world's classics (Oxford University Press)
942 ## - ADDED ENTRY ELEMENTS (KOHA)
Source of classification or shelving scheme Dewey Decimal Classification
Koha item type Books
Holdings
Lost status Source of classification or shelving scheme Damaged status Not for loan Collection code Permanent Location Current Location Shelving location Date acquired Source of acquisition Cost, normal purchase price Total Checkouts Full call number Date last seen Copy number Koha item type
  Dewey Decimal Classification     Fiction Central Library, University of Rajshahi Central Library, University of Rajshahi   14/06/1975 Janathan Wren & co., London 1.00   823.5 FIH 1971 13/11/2016 C-2 Books